000 00287nam a22001337a 4500
008 170629b xxu||||| |||| 00| 0 eng d
020 _a9780785430568
041 _aeng
080 _a821
100 _a22
101 _aGJL
245 _aENGLISH TO USE
_cTRAUTMAN, B.A
942 _2udc
_cBK
999 _c19469
_d19469